Tục ngữ và thành ngữ người Thái Mương Tập II Tục ngữ và thành ngữ người Thái Mương
Tìm hiểu về Tục ngữ và thành ngữ người Thái Mương
Bewaard in:
| Hoofdauteur: | |
|---|---|
| Andere auteurs: | |
| Formaat: | Boek |
| Taal: | Vietnamese |
| Gepubliceerd in: |
H.
Văn hóa thông tin
2013
|
| Onderwerpen: | |
| Tags: |
Voeg label toe
Geen labels, Wees de eerste die dit record labelt!
|
| Thư viện lưu trữ: | Mạng thư viện Đại học Đà Nẵng |
|---|
| LEADER | 01741nam a2200409 4500 | ||
|---|---|---|---|
| 001 | 000019604 | ||
| 003 | 16041 | ||
| 005 | 20140722090757.0 | ||
| 008 | 140623s2013 viesd | ||
| 041 | 0 | |a vie | |
| 082 | 1 | 4 | |a 398.9 |b TR-D |
| 100 | 1 | |a Trần Trí Dõi | |
| 245 | 1 | 0 | |a Tục ngữ và thành ngữ người Thái Mương |c Trần Trí Dõi, Vi Khăn Mun |n Tập II |p Tục ngữ và thành ngữ người Thái Mương |
| 260 | |a H. |b Văn hóa thông tin |c 2013 | ||
| 300 | |a 321 tr. |c 21 cm. | ||
| 500 | |a Đầu sách ghi: Hội văn nghệ dân gian Việt Nam | ||
| 504 | |a Thư mục tr.321 | ||
| 520 | 3 | |a Tìm hiểu về Tục ngữ và thành ngữ người Thái Mương | |
| 650 | 0 | 4 | |a Văn học dân gian |x Người Thái Mương |x Nghiên cứu |z Việt Nam |
| 653 | |a Người Thái Mương | ||
| 653 | |a Văn học dân gian | ||
| 653 | |a Thành ngữ | ||
| 653 | |a Tục ngữ | ||
| 700 | 1 | |a Vi Khăn Mun | |
| 773 | |d H. |d 2013 |d Văn hóa Thông tin |t Tục ngữ và thành ngữ người Thái Mường |w 16038 | ||
| OWN | |a LSP | ||
| AVA | |a UDN50 |b LNN |d 895.922 TR-D |e available |t Error 5001 Not defined in file expand_doc_bib_avail. |f 1 |g 0 |h N |i 0 | ||
| AVA | |a UDN50 |b LSP |d 398.9 TR-D |e available |t Error 5001 Not defined in file expand_doc_bib_avail. |f 1 |g 0 |h N |i 0 |k 1 | ||
| 999 | |a From the UDN01 | ||
| AVA | |a UDN50 |b LNN |d 895.922 TR-D |e available |t Error 5001 Not defined in file expand_doc_bib_avail. |f 1 |g 0 |h N |i 0 | ||
| AVA | |a UDN50 |b LSP |d 398.9 TR-D |e available |t Error 5001 Not defined in file expand_doc_bib_avail. |f 1 |g 0 |h N |i 0 |k 1 | ||
| TYP | |a Monograph | ||
| TYP | |a Printed language | ||
| 980 | |a Mạng thư viện Đại học Đà Nẵng | ||